000 01797nam2a2200265 4500
001 RU\NLR\BIBL_A\010191791
005 20250613221911.0
010 _a978-5-906393-08-1
_bт.4
_92000
021 _aRU
_b2013-103221
_97170
035 _a(NLR Aleph) 010191791
090 _a10201153
_c10201153
100 _a20140217d2013 |||y0rusy50 ca
101 0 _arus
102 _aRU
105 _aao||z||||00ay
200 1 _aАмерика. Чураевка
_f[примеч. Л.Е. Ермаковой и Т.Г. Черняевой]
210 _d2013
_aБ. м.
215 _a551 с.
_cил.
320 _aБиблиогр. в тексте пртмеч.
327 1 _aСодерж.: разделы: Художественная проза; Публицистика; Очерки и статьи; Избранные письма (1924-1928)
461 0 _1001RU\NLR\BIBL_A\010194719
_12000#$aСобрание сочинений$eв 6 т.$fГ.Д. Гребенщиков$g[сост., подгот. текста, вступ. ст. Т.Г. Черняевой]$gУпр. Алт. края по культуре и арх. делу, Гос. музей истории лит., искусства и культуры Алтая$vТ. 4
_1700#1$aГребенщиков$bГ.Д.$gГеоргий Дмитриевич$f1883-1964$3RU\NLR\AUTH\7735651
_910215757
_aГребенщиков, Г. Д. (1883-1964)
_cБарнаул
_d2013
_fГ.Д. Гребенщиков
_nБарнаул
_oв 6 т.
_tСобрание сочинений
_y9785906393043
_vТ. 4
942 _cBOOK
980 _aNB